Elementos de fisiología

Bibliographische Detailangaben
1. Verfasser: Langley, L. L. 1916-
Format: Buch
Sprache:Spanish
Schlagworte:

MARC

LEADER 000000am a2200000 a 4500
001 10714
005 20230308175949.0
008 965101|1964 ||||||||r|||||||||||spa||
040 |b spa 
041 0 |a Es 
082 0 |a 612  |b 10714 
100 1 |a Langley, L. L.  |d 1916-  |9 84426 
245 1 1 |a Elementos de fisiología  |c L. L. Langley  |h imp 
264 |a Zaragoza  |b Acribia  |c 1964 
300 |a vii; 399 páginas:  |b ilus., tbls. 
650 1 0 |a Fisiología  |9 14391 
852 |a UC-SALUD  |f Canje  |k mariana.feican  |l 1  |m General  |p 19651018  |q S/. 65  |t 10714  |b 0  |d CDRS  |e CDRS  |g 612 10714  |z 1965-51-01 
942 |c BK 
999 |c 51604  |d 51604